La violencia del mundo

Salvato in:
Dettagli Bibliografici
Autore principale: Baudrillard, Jean (Autore)
Altri autori: Morin, Edgar (autor)
Natura: Libro
Lingua:spagnolo
Pubblicazione: Buenos Aires Capital Intelectual 2011
Edizione:1a. ed
Soggetti:
Tags: Aggiungi Tag
Nessun Tag, puoi essere il primo ad aggiungerne!!

MARC

LEADER 00000cam a2200000 a 4500
001 UCF1540
003 CL-VaPUC
008 120711e20110000AG |||||||||||||||||spa|d
020 |a 9789876142724 
082 0 4 |a 306.625  |b BAU  |2 21 
100 0 |a Baudrillard, Jean  |e author  |9 492950 
700 |a Morin, Edgar  |e autor  |9 459920 
245 1 3 |a La violencia del mundo 
250 |a 1a. ed 
300 |a 65 p 
942 |c BK 
945 |d 20120711 00:00:00  |a cmena 
260 |a Buenos Aires  |b Capital Intelectual  |c 2011 
600 0 7 |a WORLD TRADE CENTER  |2 CL-VaPUC  |9 471440 
650 7 |a TERRORISMO INTERNACIONAL  |2 CL-VaPUC  |9 336647 
650 0 |a Atentados terroristas  |9 471442 
650 0 |a Violencia social  |9 399777 
651 0 |a Estados Unidos  |9 255178 
583 |a last modification  |c 20120711 16:46:00  |k Rodrigo Vera 
999 |c 348267  |d 348265 
952 |0 0  |1 0  |4 0  |6 306_625000000000000_BAU_2011  |7 0  |8 A  |9 450226  |a BIBART  |b BIBART  |d 2019-11-22  |i 4882334  |o 306.625 BAU 2011  |p 4882334  |r 2025-03-13  |w 2019-11-22  |y BK  |k ART